| 000 | 01062cam a2200313 a 4500 | ||
|---|---|---|---|
| 001 | 13743946 | ||
| 003 | OSt | ||
| 005 | 20210916115359.0 | ||
| 008 | 041007s2006 caua 001 0 eng | ||
| 010 | _a 2004114814 | ||
| 020 | _a0534419860 | ||
| 038 | _akhadija | ||
| 040 |
_aDLC _cDLC _dDLC |
||
| 050 | 0 | 0 |
_aQA303.2 _b.T36 2006 |
| 082 | 0 | 0 |
_a515 _222 _bTAN |
| 100 | 1 |
_aTan, S. T. _q(Soo Tang) _935891 |
|
| 245 | 1 | 0 |
_aCalculus for the Managerial, Life, and Social Sciences / _cS.T. Tan. |
| 250 | _a7th ed. | ||
| 260 |
_aBelmont, CA : _bThomson Brooks/Cole, _cc2006. |
||
| 300 |
_axxi, 663 p. : _bcol. ill. ; _c27 cm. + _e1 CD-ROM (4 3/4 in.) |
||
| 500 | _aIncludes index. | ||
| 538 | _aSystem requirements for accompanying CD-ROM: Microsoft Windows and Macintosh. | ||
| 563 | _aHard Cover | ||
| 650 | 0 |
_aCalculus _vTextbooks. _94507 |
|
| 650 | 0 |
_aSocial sciences _xMathematics _vTextbooks. _935892 |
|
| 906 |
_a7 _bcbc _corignew _d2 _eepcn _f20 _gy-gencatlg |
||
| 942 |
_2ddc _cBK |
||
| 999 |
_c31585 _d31585 |
||